• 首页
  • 本馆介绍
  • 公告通知
  • 最新文献
  • 馆藏检索
  • 电子资源
  • 读者导购
  • 参考咨询
  • 我的图书馆
  • 登录
  • 详细信息显示
  • 放入我的书架
  • 预约/预借图书
  • 作者相关作品
  • 分类相关作品
  • 丛书相关作品
  • 出版社相关作品

书目信息

  • 表格格式
  • 工作单格式
  • 卡片格式
题名:
《普通化学》习题解答
    
 
作者: 陈德均 编
分册:  
出版信息: 北京   原子能出版社  1981.12
页数: 130页
开本: 19cm
丛书名:
单 册:
中图分类: O6-44
科图分类:
主题词: 化学
电子资源:
ISBN:
000 00552nam0 2200205 45
001 0405190908
005 20060818110433.01
010    @dCNY0.48
091    @a15175.402
100    @a20040519d1981 km y0chiy0120 ea
101 0  @achi
200 1  @a《普通化学》习题解答@A《Pu Tong Hua Xue》Xi Ti Jie Da@f陈德均等编@FChen De Jun Deng Bian
210    @a北京@c原子能出版社@d1981.12
215    @a130页@d19cm
300    @a高等学校教学参考书
606 0  @a化学
690    @aO6-44@v3
701  0 @a陈德均@4编
801    @aCN@bPftUser@c20060818
905    @dO6-44@e103
    
    《普通化学》习题解答/陈德均等编.-北京:原子能出版社,1981.12
    130页;19cm
    高等学校教学参考书
    
    ISBN :CNY0.48
    
●
相关链接 在E读中查询图书 在五车中查询图书 在当当中查询图书 在豆瓣中查询图书


正题名:《普通化学》习题解答     索取号:O6-44/103         预约/预借

序号 登录号 条形码 馆藏地/架位号 状态 备注
1 0064568   001935810   第三借阅区/ [索取号:O6-44/103] 在馆    
2 0064569   000338058   第三借阅区/ [索取号:O6-44/103] 在馆    
3 0432144   204321448   密集书库/ [索取号:O6-44/103] 在馆    
4 0468656   204686562   密集书库/ [索取号:O6-44/103] 在馆    
5 0468657   204686571   密集书库/ [索取号:O6-44/103] 在馆    
唐山师范学院图书馆 欢迎您!
大连网信软件有限公司© 版权所有